BU NASIL SÜPER KAHRAMAN (Record no. 799195)

MARC details
000 -LEADER
sabit uzunluktaki kontrol alanı 00244nam a2200097Ia 4500
001 - KONTROL NUMARASI
kontrol alanı 799195
005 - EN SON İŞLEMİN TARİH VE ZAMANI
kontrol alanı 20250826170842.0
008 - SABİT-UZUNLUKTA VERİ ÖĞELERİ--GENEL BİLGİ
sabit uzunluktaki kontrol alanı 250824s9999 xx 000 0 und d
245 #0 - ESER / YAZAR
ESER ADI BU NASIL SÜPER KAHRAMAN
Yazar Adı MELİH TUĞTAĞ
260 ## - YAYIN, DAĞITIM, VB.
YAYIN EVİ GENÇ HAYAT
Holdings
Düşüm durumu Kayıp durumu Hasar Durumu Ödünç verilmez Ana kütüphane Geçerli Kütüphane Edinilen tarih Toplam ödünç verme sayısı Barkod Son görüntüleme tarihi Son ödünç verme tarihi Fiyatın geçerli olmaya başladığı tarih Koha materyal türü
        MUSTAFA BÜYÜKKAPLAN İMAM HATİP ORTAOKULU (ERKEK) MUSTAFA BÜYÜKKAPLAN İMAM HATİP ORTAOKULU (ERKEK) 24.08.2025 2 10054668 24.12.2025 22.12.2025 26.08.2025 Books